| 000 | 01273nac a22003371i 4500 | ||
|---|---|---|---|
| 003 | EG-ScBUE | ||
| 005 | 20230315123029.0 | ||
| 008 | 230315s2006 enka f b 001 0 eng d | ||
| 020 | _a9780521850513 (hbk.) | ||
| 020 | _a0521850517 (hbk.) | ||
| 035 | _a(OCoLC)ocm70173376 | ||
| 035 | _a(OCoLC)70173376 | ||
| 040 |
_aEG-ScBUE _beng _erda _cEG-ScBUE _dEG-ScBUE |
||
| 043 | _an-us--- | ||
| 082 | 0 | 4 |
_a792.08995073 _bLEE _222 |
| 100 | 1 |
_aLee, Esther Kim, _eauthor. |
|
| 245 | 1 | 2 |
_aA history of Asian American theatre / _cEsther Kim Lee. |
| 264 | 1 |
_aCambridge ; _aNew York : _bCambridge University Press, _c2006. |
|
| 300 |
_axvii, 264 pages : _billustrations ; _c24 cm. |
||
| 336 |
_2rdacontent _atext _btxt |
||
| 337 |
_2rdamedia _aunmediated _bn |
||
| 338 |
_2rdacarrier _avolume _bnc |
||
| 490 | 0 |
_aCambridge studies in American theatre and drama ; _v26 |
|
| 504 | _aIncludes bibliographical references and index. | ||
| 650 | 7 |
_aAsian American theater _xHistory _y20th century. _2BUEsh |
|
| 653 | _bART | ||
| 655 | _vReading book | ||
| 856 | 4 | 2 |
_3Publisher description _uhttp://www.loc.gov/catdir/enhancements/fy0618/2006303068-d.html |
| 856 | 4 | 2 |
_3Table of contents only _uhttp://www.loc.gov/catdir/enhancements/fy0618/2006303068-t.html |
| 942 |
_cBB _2ddc |
||
| 999 |
_c3342 _d3342 |
||